000 00717nam a2200229Ia 4500
003 GCL
008 140319s9999 xx 000 0 ara d
040 _aGCL /
_cGCL
082 0 4 _a809.2
_bد د
100 1 _aجعفر صادق الخليلى(مترجم)
245 1 0 _aالدراما والدرامية /
_cجعفر صادق الخليلى(مترجم)
700 1 _aعناد غزوان اسماعيل (مراجع)
700 1 _aداوسن، س . و
260 _a[S.N] :
_bمنشورات عويدان ،
_c1989
300 _a124 ص
490 _aزدنى علما
_v0
650 0 4 _aالادب
650 0 4 _aالمسرح
650 0 4 _aالمسرحيات
650 0 4 _aتاريخ ونقد
942 _2ddc
_cBK
999 _c36148
_d36148